Partial Differential Equations (Record no. 1037)

MARC details
005 - DATE AND TIME OF LATEST TRANSACTION
control field 20250320170441.0
020 ## - INTERNATIONAL STANDARD BOOK NUMBER
International Standard Book Number 0-394-35827-9
082 ## - DEWEY DECIMAL CLASSIFICATION NUMBER
Classification number 515.333 COL
100 ## - MAIN ENTRY--PERSONAL NAME
Author name COLTON, D.
245 ## - TITLE STATEMENT
Title Partial Differential Equations
260 ## - PUBLICATION, DISTRIBUTION, ETC.
Place of publication, distribution, etc. New York,
Name of publisher, distributor, etc. The Roman House
Date of publication, distribution, etc. 1943
300 ## - PHYSICAL DESCRIPTION
Extent ix,308p., ill.,
Other physical details Index, References
Dimensions 24cm.
942 ## - ADDED ENTRY ELEMENTS (KOHA)
Source of classification or shelving scheme Dewey Decimal Classification
Koha item type Books
Holdings
Date last seen Total checkouts Full call number Barcode Cost, replacement price Price effective from Koha item type Lost status Source of classification or shelving scheme Damaged status Not for loan Withdrawn status Home library Current library Shelving location Date acquired Cost, normal purchase price
03/20/2025   515.333 COL, L.M. 0000003405 30000.00 03/20/2025 Books   Dewey Decimal Classification       College of Business Education Main Library College of Business Education Main Library General Collection 03/20/2025 10000.00
03/20/2025   515.333 COL, L.M. 0000003406 30000.00 03/20/2025 Books   Dewey Decimal Classification       College of Business Education Main Library College of Business Education Main Library General Collection 03/20/2025 10000.00
03/20/2025   515.333 COL, L.M. 0000003407 30000.00 03/20/2025 Books   Dewey Decimal Classification       College of Business Education Main Library College of Business Education Main Library General Collection 03/20/2025 10000.00